000 01027pam a2200277 a 4500
001 2597563
003 OSt
005 20170222111117.0
008 970709s1997 mdua 001 0 eng
010 _a 97018351
020 _a0933149980
040 _aDLC
_cDLC
_dDLC
043 _an-us---
050 0 0 _aHV894
_b.V54 1997
082 0 0 _a362.1/968
_221
245 0 0 _aViews from our shoes :
_bgrowing up with a brother or sister with special needs /
_cedited by Donald J. Meyer ; illustrated by Cary Pillo.
260 _aBethesda, Md. :
_bWoodbine House,
_c1997.
300 _aix, 113 p. :
_bill. ;
_c23 cm.
500 _aIncludes index.
650 0 _aDevelopmentally disabled children
_xFamily relationships
_zUnited States.
650 0 _aBrothers and sisters
_zUnited States.
700 1 _aMeyer, Donald J.
_q(Donald Joseph),
_d1951-
906 _a7
_bcbc
_corignew
_d1
_eocip
_f19
_gy-gencatlg
942 _2lcc
_cBK
999 _c255608
_d255607